[Event "Nittenau-ch 06th"]
[Site "Nittenau"]
[Date "2006.09.17"]
[Round "4"]
[White "Espig, Josef"]
[Black "Ziebell, Philipp"]
[Result "1-0"]
[WhiteElo "1217"]
[BlackElo "1288"]
[PlyCount "137"]
[EventDate "2006.09.15"]
[EventType "swiss"]
[EventRounds "5"]
[EventCountry "GER"]
[SourceTitle "EXT 2022"]
[Source "ChessBase"]
[SourceDate "2021.10.06"]
[SourceVersion "1"]
[SourceVersionDate "2021.10.06"]
[SourceQuality "1"]

1. e4 e6 2. Bc4 d5 3. exd5 exd5 4. Bb3 c6 5. h3 Bd6 6. Nf3 Nf6 7. 0-0 0-0 8. d4 Bc7 9. c4 Be6 10. cxd5 Nxd5 11. Bc2 g6 12. Bg5 Qc8 13. Nbd2 Bd8 14. Bh4 Bxh4 15. Nxh4 Qd8 16. Nhf3 Nd7 17. Ne4 Qc7 18. Neg5 Nf4 19. Nxe6 Nxe6 20. Rc1 Qb6 21. d5 cxd5 22. Qxd5 Rfd8 23. Qb3 Qxb3 24. Bxb3 Nec5 25. Bc4 b6 26. b4 Ne4 27. Bd5 Ndf6 28. Bxe4 Nxe4 29. Ne5 Rd5 30. Nf3 a5 31. bxa5 Rdxa5 32. Rc4 Nc5 33. Ra1 Ra3 34. Nd4 Rxa2 35. Rb1 Ra1 36. Rxa1 Rxa1+ 37. Kh2 Ra4 38. Rxa4 Nxa4 39. Kg3 Nc3 40. Kf3 h5 41. Ke3 Nd1+ 42. Ke2 Nc3+ 43. Kd3 Nd5 44. g3 h4 45. Kc4 hxg3 46. fxg3 Ne3+ 47. Kb5 Nf5 48. Nxf5 gxf5 49. Kxb6 Kg7 50. Kc5 Kg6 51. Kd4 f6 52. Ke3 Kg5 53. Kf3 Kh5 54. Kf4 Kg6 55. h4 Kf7 56. Kxf5 Kg7 57. g4 Kf7 58. h5 Kg7 59. h6+ Kxh6 60. Kxf6 Kh7 61. g5 Kg8 62. Kg6 Kh8 63. Kf7 Kh7 64. g6+ Kh8 65. g7+ Kh7 66. g8Q+ Kh6 67. Kf6 Kh5 68. Kf5 Kh4 69. Qg4# 1-0

[Event "Nittenau-ch 06th"]
[Site "Nittenau"]
[Date "2006.09.16"]
[Round "3"]
[White "Ziebell, Philipp"]
[Black "Baniel, Jhonel Baldago"]
[Result "0-1"]
[WhiteElo "1288"]
[BlackElo "1777"]
[PlyCount "76"]
[EventDate "2006.09.15"]
[EventType "swiss"]
[EventRounds "5"]
[EventCountry "GER"]
[SourceTitle "EXT 2022"]
[Source "ChessBase"]
[SourceDate "2021.10.06"]
[SourceVersion "1"]
[SourceVersionDate "2021.10.06"]
[SourceQuality "1"]

1. d4 d5 2. Nf3 Nf6 3. e3 e6 4. c4 c6 5. Nc3 Bd6 6. Bd3 Nbd7 7. 0-0 0-0 8. Qc2 e5 9. cxd5 cxd5 10. dxe5 Nxe5 11. Nxe5 Bxe5 12. Rd1 Be6 13. e4 Rc8 14. exd5 Bxd5 15. Bg5 Bxc3 16. bxc3 h6 17. Bxf6 Qxf6 18. Rac1 Be6 19. f3 Rc7 20. Be4 Rfc8 21. Rd3 Bc4 22. Re3 Qb6 23. Kf2 g6 24. Bd3 Re7 25. Rce1 Rce8 26. Qd2 Rxe3 27. Rxe3 Rxe3 28. Qxe3 Qxe3+ 29. Kxe3 Bxa2 30. Kd4 Be6 31. Kc5 Kf8 32. Kd6 g5 33. Kc7 a5 34. c4 a4 35. c5 a3 36. Bb1 Bd5 37. Kd6 a2 38. Bxa2 Bxa2 0-1

[Event "Nittenau-ch 5th"]
[Site "Nittenau"]
[Date "2005.09.01"]
[Round "1"]
[White "Ziebell, Philipp"]
[Black "Bergerhoff, Wilfried"]
[Result "1/2-1/2"]
[WhiteElo "1163"]
[BlackElo "1731"]
[PlyCount "35"]
[EventDate "2005.09.01"]
[EventType "swiss"]
[EventRounds "7"]
[EventCountry "GER"]
[SourceTitle "EXT 2008"]
[Source "ChessBase"]
[SourceDate "2007.11.25"]
[SourceVersion "1"]
[SourceVersionDate "2007.11.25"]
[SourceQuality "1"]

1. d4 Nf6 2. c4 g6 3. Nc3 d5 4. Bf4 Bg7 5. e3 0-0 6. Nf3 c5 7. Be2 cxd4 8. Nxd4 Re8 9. Bg5 e5 10. Nc2 Qb6 11. Bxf6 Bxf6 12. Nxd5 Qd8 13. Nxf6+ Qxf6 14. 0-0 Rd8 15. Qc1 Nc6 16. Rd1 Bf5 17. Rxd8+ Rxd8 18. b3 1/2-1/2